Comuni della Provincia di Barletta-Andria-Trani - Statistics

Statistiche generali
  • Questo quiz è stato fatto 71 volte
  • Il punteggio medio è 6 su 10
Statistiche sulle risposte
Comune % Corretto
Andria
100%
Barletta
100%
Trani
100%
Bisceglie
74%
Canosa di Puglia
66%
Spinazzola
58%
Trinitapoli
57%
Minervino Murge
47%
San Ferdinando di Puglia
42%
Margherita di Puglia
6%
Nessun quiz corrispondente trovato
Distribuzione punteggi
Percentuale di utenti per punteggio
Percentile per numero di risposta
I tuoi punteggi nel tempo
Non hai fatto questo quiz